Exploring bioinformatics : (Record no. 480113)
[ view plain ]
| 000 -LEADER | |
|---|---|
| fixed length control field | 01599cam a2200289 i 4500 |
| 001 - CONTROL NUMBER | |
| control field | 17804159 |
| 003 - CONTROL NUMBER IDENTIFIER | |
| control field | ASAB |
| 005 - DATE AND TIME OF LATEST TRANSACTION | |
| control field | 20180827062637.0 |
| 008 - FIXED-LENGTH DATA ELEMENTS--GENERAL INFORMATION | |
| fixed length control field | 130708s2014 maua b 001 0 eng |
| 010 ## - LIBRARY OF CONGRESS CONTROL NUMBER | |
| LC control number | 2013015263 |
| 020 ## - INTERNATIONAL STANDARD BOOK NUMBER | |
| International Standard Book Number | 978-1-284-03424-0 |
| 040 ## - CATALOGING SOURCE | |
| Original cataloging agency | DLC |
| Language of cataloging | eng |
| Transcribing agency | ASAB |
| Description conventions | rda |
| Modifying agency | DLC |
| 042 ## - AUTHENTICATION CODE | |
| Authentication code | pcc |
| 050 00 - LIBRARY OF CONGRESS CALL NUMBER | |
| Classification number | QH324.2 |
| Item number | .S72 2014 |
| 082 00 - DEWEY DECIMAL CLASSIFICATION NUMBER | |
| Classification number | 572 |
| Edition number | 23 |
| 100 1# - MAIN ENTRY--PERSONAL NAME | |
| Personal name | St. Clair, Caroline. |
| 9 (RLIN) | 1876 |
| 245 10 - TITLE STATEMENT | |
| Title | Exploring bioinformatics : |
| Remainder of title | a project-based approach / |
| Statement of responsibility, etc. | St. Clair, Caroline & Visick, Jonathan E. |
| 250 ## - EDITION STATEMENT | |
| Edition statement | Second edition. |
| 300 ## - PHYSICAL DESCRIPTION | |
| Extent | xi, 297 pages ; |
| Dimensions | 26 cm |
| 504 ## - BIBLIOGRAPHY, ETC. NOTE | |
| Bibliography, etc. note | Includes bibliographical references and index. |
| 505 0# - FORMATTED CONTENTS NOTE | |
| Formatted contents note | Bioinformatics and genomic data: investigating a complex genetic disease -- Computational manipulation of DNA: genetic screening for disease alleles -- Sequence alignment: investigating an influenza outbreak -- Database searching and multiple alignment: investigating antibiotic resistance -- Substitution matrices and protein alignments: virulence factors in e. coli -- Distance measurement in molecular phylogenetics: evolution of mammals -- Tree building in molecular phylogenetics: the three domains of life -- DNA sequencing: identification of novel viral pathogens -- Sequence-based gene prediction: annotation of a resistance plasmid. |
| 650 #0 - SUBJECT ADDED ENTRY--TOPICAL TERM | |
| Topical term or geographic name entry element | Bioinformatics. |
| 9 (RLIN) | 1877 |
| 700 1# - ADDED ENTRY--PERSONAL NAME | |
| Personal name | Visick, Jonathan. |
| 9 (RLIN) | 1878 |
| 906 ## - LOCAL DATA ELEMENT F, LDF (RLIN) | |
| a | 7 |
| b | cbc |
| c | orignew |
| d | 1 |
| e | ecip |
| f | 20 |
| g | y-gencatlg |
| 942 ## - ADDED ENTRY ELEMENTS (KOHA) | |
| Source of classification or shelving scheme | |
| Koha item type | Book |
| Withdrawn status | Lost status | Source of classification or shelving scheme | Damaged status | Not for loan | Collection code | Permanent Location | Current Location | Date acquired | Total Checkouts | Full call number | Barcode | Date last seen | Date last checked out | Price effective from | Koha item type |
|---|---|---|---|---|---|---|---|---|---|---|---|---|---|---|---|
| Atta-ur-Rahman School of Applied Biosciences (ASAB) | Atta-ur-Rahman School of Applied Biosciences (ASAB) | 06/14/2016 | 2 | 572 CLA | ASAB3337 | 10/03/2022 | 09/15/2022 | 06/14/2016 | Book |
